[Event "Sparkassen-Open B"]
[Site "Heusenstamm, Martinsee"]
[Date "2022.11.20"]
[Round "6.1"]
[White "Huck, Robert"]
[Black "Vranckx, Oscar"]
[Result "0-1"]
[WhiteElo "1782"]
[BlackElo "1629"]
[PlyCount "70"]
[EventDate "2022.??.??"]
[WhiteTeam "SC Königsspringer Alzenau"]
[BlackTeam "Sfr.Mainz 1928"]

1. e4 c5 2. Nf3 Nc6 3. Bb5 e6 4. Bxc6 bxc6 5. d3 Qc7 6. e5 Ne7 7. O-O Ng6 8.
Re1 d6 9. exd6 Bxd6 10. Nbd2 Ba6 11. Ne4 Be7 12. b3 Rd8 13. Bb2 e5 14. Qe2 f6
15. Qe3 Qa5 16. a4 Nf4 17. Nh4 Bc8 18. Nf3 O-O 19. Ba3 Ne6 20. Qd2 Qc7 21. Qc3
Rd5 22. Qc4 Kh8 23. Qc3 f5 24. Ned2 Bf6 25. Ne4 fxe4 26. dxe4 Rdd8 27. Bb2 Nd4
28. Qxc5 Nxf3+ 29. gxf3 Bh3 30. Rad1 Kg8 31. Qe3 Qf7 32. Kh1 h6 33. Rxd8 Bxd8
34. Bc3 Qh5 35. f4 exf4 0-1

[Event "Sparkassen-Open B"]
[Site "Heusenstamm, Martinsee"]
[Date "2022.11.20"]
[Round "6.2"]
[White "Gold, Jan Christian"]
[Black "Wu, Sifan"]
[Result "1-0"]
[WhiteElo "1564"]
[BlackElo "1659"]
[PlyCount "51"]
[EventDate "2022.??.??"]
[WhiteTeam "SK Bad Homburg 1927"]
[BlackTeam "SV Oberursel"]

1. d4 Nf6 2. c4 d6 3. Nc3 g6 4. e4 Nbd7 5. f4 Nb6 6. h3 e6 7. e5 Nfd7 8. Nf3
Bg7 9. Be2 O-O 10. O-O dxe5 11. fxe5 c5 12. Bg5 f6 13. exf6 Bxf6 14. Bxf6 Qxf6
15. Ne5 Qe7 16. Rxf8+ Qxf8 17. Ne4 Qf4 18. Qd3 Nxe5 19. dxe5 Nd7 20. Rf1 Qxe5
21. Qf3 Qf5 22. Qe3 Qe5 23. Bg4 Kh8 24. Rf7 Qd4 25. Qxd4+ cxd4 26. Bxe6 1-0

[Event "Sparkassen-Open B"]
[Site "Heusenstamm, Martinsee"]
[Date "2022.11.20"]
[Round "6.3"]
[White "Wibmer, Michael"]
[Black "Müller, Riyanna"]
[Result "0-1"]
[WhiteElo "1670"]
[BlackElo "1475"]
[PlyCount "153"]
[EventDate "2022.??.??"]
[WhiteTeam "SV Gifhorn"]
[BlackTeam "SC Landskrone"]

1. e4 d5 2. exd5 Qxd5 3. Nc3 Qd6 4. d4 Nf6 5. Bc4 a6 6. Nf3 b5 7. Bb3 e6 8. Be3
Bb7 9. h3 Nbd7 10. Qe2 c5 11. dxc5 Nxc5 12. Rd1 Qc7 13. O-O Nxb3 14. cxb3 Bd6
15. Rc1 Qe7 16. Bg5 O-O 17. Rfd1 Rfd8 18. Nd2 h6 19. Bh4 g5 20. Bg3 Bxg3 21.
fxg3 Nd5 22. Nce4 Rac8 23. Rxc8 Rxc8 24. Qh5 Nf6 25. Nxf6+ Qxf6 26. Rf1 Qg7 27.
Nf3 Rc2 28. Rf2 Rxf2 29. Kxf2 Qxb2+ 30. Kg1 Bxf3 31. Qxf3 Qxa2 32. Qd3 Qa5 33.
h4 b4 34. Qd4 gxh4 35. gxh4 Qb5 36. Qd8+ Kh7 37. Qf8 Qb7 38. Qd6 a5 39. Qd3+
Kg7 40. Qd4+ Kh7 41. Qd3+ f5 42. Qd6 Qd5 43. Qe7+ Kg6 44. Qe8+ Kf6 45. Qh8+ Ke7
46. Qxh6 Qxb3 47. Qg7+ Kd6 48. Qf8+ Ke5 49. Qc5+ Qd5 50. Qe3+ Kd6 51. Qb6+ Qc6
52. Qd4+ Kc7 53. Qa7+ Qb7 54. Qc5+ Kb8 55. Kh1 Qc7 56. Qb5+ Ka7 57. h5 e5 58.
Kg1 Qb6+ 59. Qxb6+ Kxb6 60. h6 b3 61. h7 b2 62. h8=Q b1=Q+ 63. Kh2 Qe4 64. Qb8+
Kc5 65. Qc7+ Kb4 66. Qd6+ Kb3 67. Qd1+ Ka3 68. Qa1+ Kb4 69. Qb2+ Ka4 70. Qa2+
Kb5 71. Qb3+ Qb4 72. Qd5+ Qc5 73. Qb3+ Kc6 74. Qe6+ Qd6 75. Qxf5 Qh6+ 76. Kg1
Qc1+ 77. Kf2 0-1

[Event "Sparkassen-Open B"]
[Site "Heusenstamm, Martinsee"]
[Date "2022.11.20"]
[Round "6.4"]
[White "Billerbeck, Nick"]
[Black "Pichl, Christoph"]
[Result "1/2-1/2"]
[WhiteElo "1582"]
[BlackElo "1643"]
[PlyCount "61"]
[EventDate "2022.??.??"]
[WhiteTeam "SV Unterkochen"]
[BlackTeam "SK Bad Homburg 1927"]

1. e4 c6 2. d4 d5 3. exd5 cxd5 4. Bd3 Nf6 5. c3 Nc6 6. Bf4 g6 7. Nf3 Bg7 8.
Nbd2 O-O 9. O-O a6 10. a4 Re8 11. Re1 Na5 12. Ne5 Nc6 13. Ndf3 Nxe5 14. Nxe5
Bd7 15. Qe2 Rc8 16. a5 Bc6 17. Nxc6 Rxc6 18. Be5 Nd7 19. Bxg7 Kxg7 20. Qf3 Nf6
21. Rec1 Qc7 22. Re1 Qd6 23. Qg3 Qd8 24. h3 Nh5 25. Qe3 Nf6 26. Qd2 Qc7 27.
Rec1 Rc8 28. Ra3 Ne8 29. Qe2 Re6 30. Qd2 Rc6 31. Qe2 1/2-1/2

[Event "Sparkassen-Open B"]
[Site "Heusenstamm, Martinsee"]
[Date "2022.11.20"]
[Round "6.5"]
[White "Sheng, Ming"]
[Black "Friedel, Thomas"]
[Result "1-0"]
[WhiteElo "1385"]
[BlackElo "1622"]
[PlyCount "59"]
[EventDate "2022.??.??"]
[WhiteTeam "SC Rochade Saarlouis 1993"]
[BlackTeam "SV Groß-Gerau"]

1. e4 e5 2. Nf3 d6 3. d4 Nf6 4. dxe5 Nxe4 5. Qd5 Nc5 6. Bg5 Be6 7. Qd4 Be7 8.
exd6 Bxg5 9. Qxc5 Qf6 10. Qxg5 Qxg5 11. Nxg5 cxd6 12. Bb5+ Nc6 13. Nc3 O-O 14.
O-O-O Rad8 15. Nce4 d5 16. Nc5 Bc8 17. Rhe1 h6 18. Nf3 a6 19. Nxa6 Be6 20. Nc7
Na7 21. Ba4 Rd6 22. Nd4 Bc8 23. Bb3 Nc6 24. Ndb5 Rf6 25. f3 d4 26. Nxd4 Nxd4
27. Rxd4 Rc6 28. Re7 Rg6 29. g3 b6 30. Rxf7 1-0

[Event "Sparkassen-Open B"]
[Site "Heusenstamm, Martinsee"]
[Date "2022.11.20"]
[Round "6.6"]
[White "Degenhardt, Andreas"]
[Black "Althaus, Lennart"]
[Result "1/2-1/2"]
[WhiteElo "1744"]
[BlackElo "1600"]
[PlyCount "48"]
[EventDate "2022.??.??"]
[WhiteTeam "SC 1970 Lorsch"]
[BlackTeam "TV-Großostheim"]

1. d4 d5 2. Nf3 Nf6 3. c4 c6 4. Qc2 e6 5. Nbd2 Nbd7 6. e4 dxe4 7. Nxe4 Bb4+ 8.
Bd2 Bxd2+ 9. Nfxd2 Qc7 10. c5 O-O 11. Nxf6+ Nxf6 12. Nf3 Nd7 13. Bd3 h6 14. O-O
e5 15. dxe5 Nxe5 16. Nxe5 Qxe5 17. Rfe1 Qf6 18. Re3 Be6 19. Rae1 Rae8 20. b3
Re7 21. Rf3 Qg5 22. Qc3 Bd5 23. Rg3 Rxe1+ 24. Qxe1 Qf6 1/2-1/2

[Event "Sparkassen-Open B"]
[Site "Heusenstamm, Martinsee"]
[Date "2022.11.20"]
[Round "6.7"]
[White "Fernandez Garcia, Alfonso Javier"]
[Black "Bigott, Martin"]
[Result "1-0"]
[WhiteElo "1610"]
[BlackElo "1772"]
[PlyCount "79"]
[EventDate "2022.??.??"]
[WhiteTeam "SV 1926 Neu-Isenburg"]
[BlackTeam "SK Köln-Südwest"]

1. e4 g6 2. d4 Bg7 3. Nf3 c5 4. c3 cxd4 5. cxd4 d5 6. Bb5+ Bd7 7. Bxd7+ Nxd7 8.
e5 e6 9. O-O Ne7 10. Bg5 h6 11. Bd2 O-O 12. Nc3 Kh7 13. Rc1 a6 14. Na4 Rc8 15.
Bb4 Re8 16. Qb3 b5 17. Nc5 Nxc5 18. Bxc5 Bf8 19. Qa3 Qd7 20. Rc3 Qb7 21. Rfc1
Nf5 22. b4 Bxc5 23. Rxc5 Rxc5 24. bxc5 Ne7 25. h4 h5 26. Ng5+ Kg8 27. Qf3 Nf5
28. Qf4 Qc7 29. g4 hxg4 30. Qxg4 Qe7 31. h5 Nxd4 32. Nxf7 Qxf7 33. Qxd4 gxh5
34. Rc3 Kh8 35. c6 Re7 36. Rh3 Rc7 37. Qb6 Qg7+ 38. Rg3 Qxe5 39. Qb8+ Kh7 40.
Qg8+ 1-0

[Event "Sparkassen-Open B"]
[Site "Heusenstamm, Martinsee"]
[Date "2022.11.20"]
[Round "6.8"]
[White "Englert, Lin"]
[Black "Füssel, Jan Michael"]
[Result "1-0"]
[WhiteElo "1466"]
[BlackElo "1754"]
[PlyCount "59"]
[EventDate "2022.??.??"]
[WhiteTeam "TV-Großostheim"]
[BlackTeam "VSG 1880 Offenbach"]

1. d4 g6 2. c4 Nf6 3. Nc3 Bg7 4. e4 d6 5. Nf3 O-O 6. Bd3 Bg4 7. h3 Bxf3 8. Qxf3
e5 9. d5 Nbd7 10. Be3 Nb6 11. O-O Qd7 12. c5 Nc8 13. Rac1 a6 14. Ne2 Qa4 15.
Bb1 Qb5 16. b3 Nd7 17. c6 Nb8 18. Bd3 Qb4 19. Rc4 Qb5 20. Ra4 Qxd3 21. cxb7 Ra7
22. bxc8=Q Rxc8 23. Bxa7 Qb5 24. Bxb8 Rxb8 25. Rc1 Rb7 26. Rac4 Qb6 27. Qc3 Bh6
28. Rc2 Kg7 29. Rxc7 Rb8 30. Rc6 1-0

[Event "Sparkassen-Open B"]
[Site "Heusenstamm, Martinsee"]
[Date "2022.11.20"]
[Round "6.9"]
[White "Bengsch, Norbert"]
[Black "Lee, Kwan Ho Matthew"]
[Result "1/2-1/2"]
[WhiteElo "1667"]
[BlackElo "1606"]
[PlyCount "51"]
[EventDate "2022.??.??"]
[WhiteTeam "SG Donautal Tuttlingen"]
[BlackTeam "SV Oberursel"]

1. e4 c6 2. Nf3 d5 3. Nc3 dxe4 4. Nxe4 Nf6 5. Qe2 Nxe4 6. Qxe4 Nd7 7. Bc4 e6 8.
d4 Nf6 9. Qe2 Be7 10. O-O O-O 11. c3 Qc7 12. Bg5 h6 13. Bh4 Nd5 14. Bg3 Bd6 15.
Ne5 Ne7 16. Rfe1 Nf5 17. Qh5 Nxg3 18. hxg3 c5 19. Rad1 b6 20. a3 Bxe5 21. Qxe5
Qxe5 22. dxe5 Bb7 23. Rd6 Rfd8 24. Red1 Rxd6 25. Rxd6 g5 26. g4 1/2-1/2

[Event "Sparkassen-Open B"]
[Site "Heusenstamm, Martinsee"]
[Date "2022.11.20"]
[Round "6.10"]
[White "Dubinker, Philipp"]
[Black "Merz, Leander"]
[Result "0-1"]
[WhiteElo "1614"]
[BlackElo "1470"]
[PlyCount "88"]
[EventDate "2022.??.??"]
[WhiteTeam "SK Marburg 1931/72"]
[BlackTeam "Schachforum Darmstadt 1994"]

1. e4 g6 2. d4 Bg7 3. Nc3 d6 4. f3 a6 5. Be3 b5 6. Qd2 Bb7 7. g4 Nd7 8. h4 h6
9. h5 g5 10. Bg2 e5 11. d5 Nb6 12. Bxb6 cxb6 13. Nge2 Qc7 14. Ng3 Nf6 15. a4
bxa4 16. Nxa4 b5 17. Nc3 O-O 18. Bf1 Rfc8 19. Rh2 Bf8 20. Nf5 Nd7 21. Nd1 Nc5
22. b3 Kh7 23. Nde3 Be7 24. Rb1 Bd8 25. c4 Qd7 26. Qb4 Rcb8 27. Ra2 bxc4 28.
Nxc4 Bxd5 29. Qc3 Bxc4 30. Bxc4 Rb6 31. Rba1 Rab8 32. Ra3 Ne6 33. Rxa6 Qc6 34.
Qd2 Bc7 35. Ne7 Qc5 36. Kf1 Rxa6 37. Rxa6 Bb6 38. Qg2 Nf4 39. Qg3 Qd4 40. Be2
Qd2 41. Qe1 Qe3 42. Rxb6 Rxb6 43. Nd5 Nxd5 44. exd5 Qxb3 0-1

[Event "Sparkassen-Open B"]
[Site "Heusenstamm, Martinsee"]
[Date "2022.11.20"]
[Round "6.11"]
[White "Rödel, Jannis"]
[Black "Burow, Roger"]
[Result "1-0"]
[WhiteElo "1451"]
[BlackElo "1598"]
[PlyCount "91"]
[EventDate "2022.??.??"]
[WhiteTeam "SVG CAISSA Kassel"]
[BlackTeam "SV 1920 Kelsterbach"]

1. c4 Nf6 2. g3 g6 3. Bg2 Bg7 4. Nc3 O-O 5. d4 c5 6. d5 d6 7. e4 Nfd7 8. Nge2
a6 9. O-O Ne5 10. b3 b5 11. cxb5 axb5 12. Bb2 b4 13. Na4 Bd7 14. f4 Ng4 15.
Bxg7 Kxg7 16. Rf3 Bxa4 17. bxa4 Qa5 18. h3 Nh6 19. Qd2 Qxa4 20. Qb2+ Kg8 21. g4
f6 22. h4 Qa3 23. Rxa3 Rxa3 24. Rf1 Nxg4 25. Rf3 Rxf3 26. Bxf3 Nh6 27. a3 Nd7
28. axb4 Rb8 29. b5 Nb6 30. Nc3 Ra8 31. h5 Kf7 32. Qh2 Kg7 33. Qg2 Nf7 34. hxg6
hxg6 35. Bh5 g5 36. Bxf7 Kxf7 37. Qh3 gxf4 38. Qe6+ Ke8 39. Kf2 Ra3 40. Ne2 Nc4
41. Nxf4 Ne5 42. Qg8+ Kd7 43. Ne6 Ra2+ 44. Kg3 Ra3+ 45. Kh4 Nf3+ 46. Kh5 1-0

[Event "Sparkassen-Open B"]
[Site "Heusenstamm, Martinsee"]
[Date "2022.11.20"]
[Round "6.12"]
[White "Gerhard, Dominik"]
[Black "Spelleken, Hans-Gerd"]
[Result "1-0"]
[WhiteElo "1593"]
[BlackElo "1678"]
[PlyCount "79"]
[EventDate "2022.??.??"]
[WhiteTeam "SV Oberursel"]
[BlackTeam "SC Kahl"]

1. c4 Nf6 2. Nc3 b6 3. d4 Bb7 4. Qc2 Nc6 5. d5 Nb4 6. Qd1 a5 7. e4 e5 8. Nf3
Bc5 9. Be2 Ng4 10. O-O h5 11. a3 Na6 12. h3 Qe7 13. Na4 Nf6 14. Bg5 Qd6 15. Qc2
Nh7 16. Bh4 f6 17. Nxc5 Qxc5 18. Nd2 Nf8 19. Rac1 Ng6 20. Bg3 h4 21. Bh2 Nf4
22. Bg4 Qe7 23. Nb3 a4 24. Nd4 Nxh3+ 25. Bxh3 exd4 26. Qxa4 c5 27. dxc6 dxc6
28. Qb3 Qd8 29. Qd3 Nc5 30. Qf3 Kf7 31. Rfe1 Ne6 32. Qf5 Bc8 33. e5 Ng5 34. e6+
Bxe6 35. Rxe6 Nxe6 36. Qxe6+ Kg6 37. Bf5+ Kg5 38. Be4 Qc8 39. Qf7 f5 40. Qxg7+
1-0

[Event "Sparkassen-Open B"]
[Site "Heusenstamm, Martinsee"]
[Date "2022.11.20"]
[Round "6.13"]
[White "Rotärmel, Leonie"]
[Black "Lasschuit, Rene"]
[Result "1-0"]
[WhiteElo "1579"]
[BlackElo "1660"]
[PlyCount "65"]
[EventDate "2022.??.??"]
[WhiteTeam "SK Bad Homburg 1927"]
[BlackTeam "SV Berolina Mitte"]

1. e4 c5 2. Nf3 e6 3. d4 cxd4 4. Nxd4 Nf6 5. Nc3 Nc6 6. a3 Be7 7. Be3 O-O 8.
Be2 d5 9. exd5 exd5 10. Bf3 Be6 11. O-O Rc8 12. Bf4 Qd7 13. Re1 Rfd8 14. Nxe6
fxe6 15. Bg4 Nxg4 16. Qxg4 Rf8 17. Rad1 Rf5 18. Bh6 Bf6 19. Ne4 Bxb2 20. Nc5
Qf7 21. Nxe6 Ne5 22. Qxg7+ Qxg7 23. Bxg7 Nc4 24. Bxb2 Nxb2 25. Rd2 Nc4 26. Rde2
Nxa3 27. Nd4 Rf7 28. Ra1 Rc3 29. Re8+ Kg7 30. Re2 Rfc7 31. Ne6+ Kf6 32. Nxc7
Rxc7 33. Rxa3 1-0

[Event "Sparkassen-Open B"]
[Site "Heusenstamm, Martinsee"]
[Date "2022.11.20"]
[Round "6.14"]
[White "König, Frank"]
[Black "Mohr, Alwin"]
[Result "0-1"]
[WhiteElo "1615"]
[BlackElo "1494"]
[PlyCount "67"]
[EventDate "2022.??.??"]
[WhiteTeam "SV Steinhausen"]
[BlackTeam "SV Oberursel"]

1. d4 d5 2. Nc3 Nf6 3. Bf4 Bf5 4. f3 e6 5. g4 Bg6 6. h4 h5 7. g5 Nfd7 8. e3 a6
9. Bd3 Bxd3 10. Qxd3 c5 11. g6 f6 12. Nxd5 exd5 13. Qf5 Nc6 14. Qxd5 Qe7 15.
dxc5 O-O-O 16. O-O-O Nxc5 17. Qf5+ Qe6 18. Qxe6+ Nxe6 19. Ne2 Bc5 20. Rxd8+
Rxd8 21. c3 Nxf4 22. exf4 Ne7 23. Ng3 Be3+ 24. Kc2 Rd2+ 25. Kb3 Rg2 26. Nxh5
Rxg6 27. Rh3 Nf5 28. Rh2 Rh6 29. Nxg7 Nxg7 30. Rg2 Nf5 31. Rg4 Rxh4 32. Rg8+
Kd7 33. Rb8 Nd6 34. Rg8 0-1

[Event "Sparkassen-Open B"]
[Site "Heusenstamm, Martinsee"]
[Date "2022.11.20"]
[Round "6.15"]
[White "Mammadov, Kamal"]
[Black "Peng, Jay Jiaxi"]
[Result "0-1"]
[WhiteElo "1481"]
[BlackElo "1612"]
[PlyCount "90"]
[EventDate "2022.??.??"]
[WhiteTeam "SC Aschaffenburg"]
[BlackTeam "SV Oberursel"]

1. Nf3 Nf6 2. g3 g6 3. d3 d6 4. e4 Nc6 5. Bg2 Bg7 6. O-O O-O 7. c3 e5 8. Nbd2
Ne7 9. Re1 Re8 10. d4 Nc6 11. d5 Ne7 12. h3 Kh8 13. Ng5 Rf8 14. Nf1 h6 15. Nf3
Bd7 16. Bd2 Qc8 17. Kh2 Nfg8 18. g4 f5 19. exf5 gxf5 20. g5 f4 21. gxh6 Bxh6
22. Nh4 Nf6 23. Bc1 Rg8 24. c4 Rg5 25. Bxf4 Rh5 26. Bg3 Bg5 27. Nf3 Bxh3 28.
Kg1 Bxg2 29. Nxg5 Bxf1 30. Kxf1 Rxg5 31. Kg2 Kg7 32. Rh1 Qf5 33. Qb3 Ne4 34.
Qe3 Qf4 35. Qf3 Rf8 36. Qxf4 exf4 37. Rae1 fxg3 38. f3 Rh8 39. fxe4 Rxh1 40.
Rxh1 Ng6 41. b3 Nf4+ 42. Kf3 g2 43. Rg1 Nh3 44. Rxg2 Rxg2 45. Kxg2 Ng5 0-1

[Event "Sparkassen-Open B"]
[Site "Heusenstamm, Martinsee"]
[Date "2022.11.20"]
[Round "6.16"]
[White "Mandalka, Justus"]
[Black "Papadopoulos, Leon"]
[Result "1/2-1/2"]
[WhiteElo "1464"]
[BlackElo "1399"]
[PlyCount "64"]
[EventDate "2022.??.??"]
[WhiteTeam "SK Bad Homburg 1927"]
[BlackTeam "SV Oberursel"]

1. e4 e5 2. Nf3 Nc6 3. d4 exd4 4. Nxd4 Bc5 5. Nb3 Bb6 6. Nc3 Nf6 7. Qe2 d6 8.
Be3 Bxe3 9. Qxe3 O-O 10. O-O-O Re8 11. f3 Be6 12. g4 a5 13. Nd4 Nxd4 14. Qxd4
Re7 15. Bc4 Bxc4 16. Qxc4 c6 17. h4 Qc7 18. Qd4 Ne8 19. g5 b5 20. h5 Qa7 21.
Qxa7 Raxa7 22. Rh2 b4 23. Ne2 g6 24. Nd4 Rac7 25. hxg6 fxg6 26. Ne2 Rcd7 27.
Nd4 Rc7 28. Nb3 Ra7 29. Re2 Kf7 30. Nd4 Rac7 31. f4 Kg8 32. Rf1 Ng7 1/2-1/2

[Event "Sparkassen-Open B"]
[Site "Heusenstamm, Martinsee"]
[Date "2022.11.20"]
[Round "6.17"]
[White "Fritsch, Reinhold"]
[Black "Jordake, Michael"]
[Result "0-1"]
[WhiteElo "1567"]
[BlackElo "1697"]
[PlyCount "34"]
[EventDate "2022.??.??"]
[WhiteTeam "SC Somborn 1933"]
[BlackTeam "SC Bergen-Enkheim 1922"]

1. e4 e5 2. f4 d5 3. exd5 c6 4. dxc6 Nxc6 5. Nc3 exf4 6. Nf3 Bd6 7. d4 Nf6 8.
Bb5 O-O 9. O-O Bg4 10. Be2 Re8 11. Re1 Bxf3 12. Bxf3 Rxe1+ 13. Qxe1 Nxd4 14.
Qf2 Bc5 15. Kh1 Nb3 16. Qe2 Nxa1 17. Bxf4 Qd4 0-1

[Event "Sparkassen-Open B"]
[Site "Heusenstamm, Martinsee"]
[Date "2022.11.20"]
[Round "6.18"]
[White "Burlutskaia, Maria"]
[Black "Sensoy, Emir"]
[Result "0-1"]
[WhiteElo "1522"]
[BlackElo "1323"]
[PlyCount "182"]
[EventDate "2022.??.??"]
[WhiteTeam "SG Porz"]
[BlackTeam "MSA Zugzwang 82"]

1. e4 c5 2. Nc3 g6 3. f4 Bg7 4. Nf3 d6 5. h3 Nc6 6. Bb5 Bd7 7. Bxc6 Bxc6 8. d3
e6 9. O-O Ne7 10. Bd2 O-O 11. Qe1 d5 12. Rd1 b5 13. g4 b4 14. Ne2 dxe4 15. dxe4
Bxe4 16. Bxb4 Qb6 17. Ba3 Qb7 18. Qg3 Rac8 19. Rd2 Nd5 20. Ng5 Nb4 21. Nc3 Bxc3
22. bxc3 Nxc2 23. Qh4 f6 24. Nxe4 Qxe4 25. Rd7 g5 26. Qh6 Rf7 27. Rxf7 Kxf7 28.
fxg5 Qe3+ 29. Kh2 Qe5+ 30. Kh1 Qe4+ 31. Kg1 Qe3+ 32. Kh1 Kg8 33. Rxf6 Qe4+ 34.
Kh2 Nxa3 35. g6 Qe5+ 36. Rf4 Qe2+ 37. Kg3 Qd3+ 38. Rf3 Qxg6 39. Qf4 Nc2 40. Qe5
Rf8 41. Rxf8+ Kxf8 42. Qxc5+ Kg8 43. Qc8+ Kg7 44. Qc7+ Qf7 45. Qe5+ Qf6 46.
Qc7+ Kg6 47. Qc5 e5 48. Qc4 Kh6 49. h4 Qd6 50. g5+ Kg7 51. Qe4 Na3 52. Qb7+ Kf8
53. Qa8+ Ke7 54. Qxa7+ Ke6 55. Qxh7 e4+ 56. Kg4 Qd1+ 57. Kg3 Qf3+ 58. Kh2 Qe2+
59. Kg3 Qd3+ 60. Kh2 Qc2+ 61. Kg1 Qb1+ 62. Kg2 Qb2+ 63. Kg1 Qb1+ 64. Kg2 Qc2+
65. Kg1 Qd1+ 66. Kh2 Qe2+ 67. Kh3 Qf1+ 68. Kh2 Qf4+ 69. Kg2 Qg4+ 70. Kh2 Qf4+
71. Kg2 Qf3+ 72. Kh2 Nc2 73. Qg8+ Kd6 74. Qd8+ Kc5 75. Qa5+ Kc4 76. Qc7+ Kd3
77. Qd6+ Ke2 78. Qg3 e3 79. g6 Qxg3+ 80. Kxg3 Kf1 81. g7 e2 82. g8=Q e1=Q+ 83.
Kf4 Qxh4+ 84. Qg4 Qf6+ 85. Kg3 Qf2+ 86. Kh3 Ne3 87. Qg3 Qf5+ 88. Kh2 Ng4+ 89.
Kh3 Nf2+ 90. Kh4 Qh7+ 91. Kg5 Ne4+ 0-1

[Event "Sparkassen-Open B"]
[Site "Heusenstamm, Martinsee"]
[Date "2022.11.20"]
[Round "6.19"]
[White "Kuran, Rainer"]
[Black "Hofmann, Werner"]
[Result "0-1"]
[WhiteElo "1507"]
[BlackElo "1687"]
[PlyCount "44"]
[EventDate "2022.??.??"]
[WhiteTeam "Karlsruher SF"]
[BlackTeam "SV 1920 Kelsterbach"]

1. e4 c6 2. Nc3 d5 3. Nf3 Bg4 4. h3 Bxf3 5. Qxf3 e6 6. Be2 Nf6 7. O-O Be7 8. d3
O-O 9. Qg3 Kh8 10. e5 Ne8 11. f4 g6 12. Qf3 Ng7 13. d4 c5 14. Be3 cxd4 15. Bxd4
Nc6 16. Bf2 Nf5 17. Rfd1 Qc8 18. g4 Ng7 19. Kg2 Rg8 20. Nxd5 exd5 21. Qxd5 Ne6
22. Bd3 Nxf4+ 0-1

[Event "Sparkassen-Open B"]
[Site "Heusenstamm, Martinsee"]
[Date "2022.11.20"]
[Round "6.20"]
[White "Gärtner, Johannes"]
[Black "Reinhold, Günther"]
[Result "0-1"]
[WhiteElo "1402"]
[BlackElo "1681"]
[PlyCount "44"]
[EventDate "2022.??.??"]
[WhiteTeam "Sfr.Mainz 1928"]
[BlackTeam "Frankfurter TV 1860"]

1. e4 c5 2. Nf3 e6 3. d4 cxd4 4. Nxd4 a6 5. Bd3 Nf6 6. O-O Qc7 7. Nc3 Bc5 8.
Nb3 Be7 9. a4 O-O 10. f4 d6 11. Qe2 Nbd7 12. Bd2 b6 13. Rae1 Bb7 14. e5 dxe5
15. fxe5 Nd5 16. Bxh7+ Kxh7 17. Qh5+ Kg8 18. Rf3 N5f6 19. Rxf6 Nxf6 20. exf6
Bxf6 21. Re3 g6 22. Rg3 Qxg3 0-1

[Event "Sparkassen-Open B"]
[Site "Heusenstamm, Martinsee"]
[Date "2022.11.20"]
[Round "6.21"]
[White "Valean, David-Andrei"]
[Black "Reitz, Helmut"]
[Result "1/2-1/2"]
[WhiteElo "1418"]
[BlackElo "1656"]
[PlyCount "40"]
[EventDate "2022.??.??"]
[WhiteTeam "TG Schweinfurt 1848"]
[BlackTeam "SV Würzburg von 1865"]

1. e4 e5 2. Nf3 d6 3. d4 Bg4 4. dxe5 Nd7 5. Be2 dxe5 6. Nxe5 Bxe2 7. Qxd7+ Qxd7
8. Nxd7 Kxd7 9. Kxe2 Re8 10. Rd1+ Kc8 11. f3 f5 12. Kf1 fxe4 13. Re1 Bc5 14.
Bg5 h6 15. Bh4 g5 16. Bg3 Nf6 17. Nd2 Rhf8 18. h3 g4 19. hxg4 Nxg4 20. Rxe4
Ne3+ 1/2-1/2

[Event "Sparkassen-Open B"]
[Site "Heusenstamm, Martinsee"]
[Date "2022.11.20"]
[Round "6.22"]
[White "Schmidt, Moritz"]
[Black "Schneider, Udo"]
[Result "1-0"]
[WhiteElo "1442"]
[BlackElo "1667"]
[PlyCount "77"]
[EventDate "2022.??.??"]
[WhiteTeam "SVG 1920 Plettenberg"]
[BlackTeam "SK Marburg 1931/72"]

1. e4 c5 2. c3 d5 3. exd5 Qxd5 4. d4 Nc6 5. Nf3 Bg4 6. Be2 Nf6 7. O-O e6 8. Be3
cxd4 9. cxd4 Rd8 10. Nc3 Qa5 11. Qb3 Bb4 12. Rab1 O-O 13. a3 Bxc3 14. bxc3 Bf5
15. Rbc1 Rb8 16. Bf4 Rbc8 17. Qxb7 Nd5 18. Bd2 Qxa3 19. c4 Qe7 20. Qb5 Nb6 21.
d5 Nb8 22. Bb4 Qd7 23. Bxf8 Kxf8 24. Qb4+ Ke8 25. Ne5 Qa4 26. Qxa4+ Nxa4 27. d6
f6 28. Nd3 g6 29. Rfd1 Bxd3 30. Rxd3 Nc5 31. Ra3 Nc6 32. Bf3 a6 33. Rd1 Kd7 34.
Rd2 e5 35. Rd5 Nd4 36. Bd1 Rc6 37. Bg4+ f5 38. Bd1 Rxd6 39. Rxc5 1-0

[Event "Sparkassen-Open B"]
[Site "Heusenstamm, Martinsee"]
[Date "2022.11.20"]
[Round "6.23"]
[White "Haas, Vanessa"]
[Black "Kosak, Karolina"]
[Result "1/2-1/2"]
[WhiteElo "1666"]
[BlackElo "1396"]
[PlyCount "78"]
[EventDate "2022.??.??"]
[WhiteTeam "SC FK Babenhausen 1994"]
[BlackTeam "SV Frankfurt Nord 1926"]

1. e4 c5 2. Nf3 d6 3. d4 cxd4 4. Nxd4 Nf6 5. Nc3 g6 6. Bc4 Bg7 7. Bb3 Nbd7 8.
Be3 a6 9. f3 Nc5 10. Qd2 Qc7 11. Nde2 Bd7 12. Nf4 Nxb3 13. axb3 Rc8 14. Rc1 Bc6
15. Nfe2 h5 16. Nd4 Bd7 17. Nde2 b5 18. Nf4 Bc6 19. Ra1 Bb7 20. Nd3 Nd7 21. Nb4
O-O 22. Bd4 Bxd4 23. Qxd4 Qc5 24. Qxc5 Nxc5 25. Ncd5 Bxd5 26. Nxd5 Rfe8 27. b4
Na4 28. b3 Nc3 29. Ne3 Rc6 30. Kd2 e6 31. Nd1 Rec8 32. Nxc3 Rxc3 33. Rac1 Kf8
34. Rhe1 Ke7 35. Re3 Rxe3 36. Kxe3 Kd7 37. c3 Kc6 38. Kd3 Kb6 39. Ra1 Ra8
1/2-1/2

[Event "Sparkassen-Open B"]
[Site "Heusenstamm, Martinsee"]
[Date "2022.11.20"]
[Round "6.24"]
[White "Ghaznavi, Massoud"]
[Black "Kluge, Joscha"]
[Result "1-0"]
[WhiteElo "1594"]
[BlackElo "1533"]
[PlyCount "55"]
[EventDate "2022.??.??"]
[WhiteTeam "SV Oberursel"]
[BlackTeam "SC Bergen-Enkheim 1922"]

1. e4 d6 2. d4 Nf6 3. Nc3 g6 4. Bd3 Bg7 5. Be3 c5 6. dxc5 dxc5 7. Bxc5 Qa5 8.
Be3 Nc6 9. Nge2 O-O 10. O-O Ng4 11. Bd2 Qh5 12. Bf4 Be5 13. h3 g5 14. hxg4 Bxg4
15. Bg3 Rad8 16. f3 Be6 17. Qe1 Bg7 18. Kf2 g4 19. Rh1 Qc5+ 20. Kf1 f5 21. Nf4
Bc8 22. Bf2 Qe5 23. Nh5 Bh6 24. exf5 Qc7 25. Nb5 Qd7 26. Bc4+ Kh8 27. Qc3+ Bg7
28. Qxg7# 1-0

[Event "Sparkassen-Open B"]
[Site "Heusenstamm, Martinsee"]
[Date "2022.11.20"]
[Round "6.25"]
[White "Griesche, Robby"]
[Black "Pichl, Johann"]
[Result "1/2-1/2"]
[WhiteElo "1593"]
[BlackElo "1414"]
[PlyCount "101"]
[EventDate "2022.??.??"]
[WhiteTeam "SV Worms 1878"]
[BlackTeam "SK Bad Homburg 1927"]

1. c4 e6 2. Nc3 Nf6 3. e4 Bb4 4. e5 Bxc3 5. bxc3 Ne4 6. d3 Nxc3 7. Qc2 Nxa2 8.
Rxa2 O-O 9. Nf3 Nc6 10. Qb1 h6 11. d4 b6 12. Bd3 Bb7 13. O-O a5 14. Be4 Rb8 15.
Bd2 Ba6 16. Rc1 Ne7 17. Rb2 f6 18. exf6 Rxf6 19. c5 Nd5 20. Bxa5 b5 21. Bh7+
Kh8 22. Bd3 Nf4 23. Bxb5 Bxb5 24. Rxb5 Ne2+ 25. Kf1 Rxb5 26. Qxb5 Nxc1 27. Bd2
Na2 28. Qa4 Qb8 29. Qxa2 c6 30. Ne5 Qb7 31. Qa5 Kg8 32. Qd8+ Kh7 33. Qxd7 Qb1+
34. Ke2 Qe4+ 35. Be3 Qc2+ 36. Ke1 Qb1+ 37. Kd2 Qb2+ 38. Kd1 Qb1+ 39. Kd2 Qb2+
40. Kd3 Qb1+ 41. Kc3 Qa1+ 42. Kc4 Qa2+ 43. Kb4 Qb2+ 44. Ka4 Rf8 45. Qxc6 Qa2+
46. Kb5 Rb8+ 47. Qb6 Qb3+ 48. Kc6 Qd5+ 49. Kb5 Qb3+ 50. Kc6 Qd5+ 51. Kb5
1/2-1/2

[Event "Sparkassen-Open B"]
[Site "Heusenstamm, Martinsee"]
[Date "2022.11.20"]
[Round "6.28"]
[White "Eremenko, Christian"]
[Black "Neininger, Sarah"]
[Result "1-0"]
[WhiteElo "1785"]
[BlackElo "1434"]
[PlyCount "47"]
[EventDate "2022.??.??"]
[WhiteTeam "SV KS 1929 Großauheim"]
[BlackTeam "VSG 1880 Offenbach"]

1. e4 c5 2. b4 cxb4 3. a3 g6 4. Bb2 f6 5. Nf3 Bg7 6. Bc4 Nh6 7. O-O Nf7 8.
Bxf7+ Kxf7 9. d4 Re8 10. Nbd2 Kg8 11. axb4 b6 12. c4 Bb7 13. Re1 Nc6 14. Qb3
Kh8 15. d5 Ne5 16. Nxe5 fxe5 17. Nf3 d6 18. Ng5 Kg8 19. Ne6 Qd7 20. c5 bxc5 21.
bxc5 Qc8 22. c6 Ba6 23. Qa4 Bd3 24. Re3 1-0

[Event "Sparkassen-Open B"]
[Site "Heusenstamm, Martinsee"]
[Date "2022.11.20"]
[Round "6.29"]
[White "Fettig, Konrad"]
[Black "Steinke, Hans-Jörg"]
[Result "1-0"]
[WhiteElo "1528"]
[BlackElo "1733"]
[PlyCount "43"]
[EventDate "2022.??.??"]
[WhiteTeam "SC ML Kastellaun"]
[BlackTeam "SV Erkenschwick"]

1. e4 e6 2. d4 d5 3. exd5 exd5 4. Nf3 Nf6 5. Bg5 Be7 6. Nc3 O-O 7. Bd3 Bg4 8.
h3 Bh5 9. g4 Bg6 10. Qd2 Bxd3 11. Qxd3 Nbd7 12. O-O-O c6 13. Rdg1 Re8 14. h4 h6
15. Bxf6 Nxf6 16. g5 Ne4 17. gxh6 g6 18. Ne5 Bxh4 19. Nxe4 dxe4 20. Qxe4 Bxf2
21. Rxg6+ Kf8 22. Qf3 1-0